A Black theology of liberation (Record no. 2239)

MARC details
000 -LEADER
fixed length control field 00728cam a2200253 4500
001 - CONTROL NUMBER
control field 4098876
003 - CONTROL NUMBER IDENTIFIER
control field GBCCL
005 - DATE AND TIME OF LATEST TRANSACTION
control field 20241126110424.0
008 - FIXED-LENGTH DATA ELEMENTS--GENERAL INFORMATION
fixed length control field 701030s1970 pau 001 0 eng
010 ## -
-- 74120333
040 ## - CATALOGING SOURCE
Original cataloging agency DLC
Transcribing agency DLC
Modifying agency DLC
050 00 -
-- BT78
-- .C59 1970
082 00 - DEWEY DECIMAL CLASSIFICATION NUMBER
Classification number 230.0464
-- 230.08996
Edition information 20
Item number CON
100 1# - MAIN ENTRY--PERSONAL NAME
Personal name Cone, James H.
9 (RLIN) 4613
245 12 - TITLE STATEMENT
Title A Black theology of liberation
Statement of responsibility, etc. [by] James H. Cone.
250 ## - EDITION STATEMENT
Edition statement [1st ed.]
260 ## - PUBLICATION, DISTRIBUTION, ETC.
Place of publication, distribution, etc. Philadelphia,
Name of publisher, distributor, etc. Lippincott
Date of publication, distribution, etc. [1970]
300 ## - PHYSICAL DESCRIPTION
Extent 254 p.
Dimensions 21 cm.
350 ## - PRICE (NR) (BK AM CF MU VM SE) [OBSOLETE]
Price $5.50
440 #0 - SERIES STATEMENT/ADDED ENTRY--TITLE
Title C. Eric Lincoln series in Black religion
9 (RLIN) 4614
650 #0 - SUBJECT ADDED ENTRY--TOPICAL TERM
Topical term or geographic name entry element Black theology.
9 (RLIN) 4615
906 ## - LOCAL DATA ELEMENT F, LDF (RLIN)
a 7
b cbc
c orignew
d 2
e ncip
f 19
g y-gencatlg
942 ## - ADDED ENTRY ELEMENTS (KOHA)
Source of classification or shelving scheme Dewey Decimal Classification
Koha item type Books
Koha issues (borrowed), all copies 3
Holdings
Withdrawn status Lost status Source of classification or shelving scheme Damaged status Not for loan Home library Current Library Shelving location Date acquired Total checkouts Total renewals Full call number Barcode Date last seen Date last checked out Copy number Price effective from Koha item type
    Dewey Decimal Classification     GRACE BIBLE COLLEGE GRACE BIBLE COLLEGE Theology 2017-07-19 5 1 230.0464 CON 000447 2026-01-30 2026-01-27 c.1 2017-07-19 Books
© Grace Bible College Library 2025